书目信息 |
| 题名: |
新战略研究
|
|
| 作者: | 宫力 主编 ;中共中央党校 编 | |
| 分册: | 2013(4) | |
| 出版信息: | 北京 九州出版社 2013 |
|
| 页数: | 112页 | |
| 开本: | 26cm | |
| 丛书名: | ||
| 单 册: | ||
| 中图分类: | D5-53 , D81-53 | |
| 科图分类: | ||
| 主题词: | 国际形势--文集 , 国际关系--文集 , 国际形势 , 国际关系 | |
| 电子资源: | ||
| ISBN: | 978-7-5108-2295-7 | |
| 000 | 01108nam0 22003251 450 | |
| 001 | 524 | |
| 005 | 20140905100050.60 | |
| 010 | @a978-7-5108-2295-7@dCNY50.00 | |
| 100 | @a20140318d2013 em y0chiy50 ea | |
| 101 | 0 | @achi |
| 102 | @aCN@b110000 | |
| 105 | @ay z 000yy | |
| 106 | @ar | |
| 200 | 1 | @a新战略研究@AXin Zhan Lue Yan Jiu@h2013(4)@f宫力主编@FGong Li Zhu Bian@g中共中央党校国际战略研究所编 |
| 210 | @a北京@c九州出版社@d2013 | |
| 215 | @a112页@d26cm | |
| 304 | @a本书无题名页,200字段信息取自封面 | |
| 312 | @a封面英文共同题名:New strategies | |
| 314 | @a主编:宫力 | |
| 330 | @a本书是关于国际战略研究的论文集,包括:“高端视点”、“国际战略”、“国际观察”、“世界经济研究”、“中共中央党校学员论坛”、“战略研究观察”等专栏。 | |
| 606 | 0 | @a国际形势@j文集 |
| 606 | 0 | @a国际关系@j文集 |
| 606 | 0 | @a国际形势 |
| 606 | 0 | @a国际关系 |
| 690 | @aD5-53@v5 | |
| 690 | @aD81-53@v5 | |
| 701 | 0 | @a宫力@AGong Li@f(1952~)@4主编 |
| 712 | 02 | @a中共中央党校@AZhong Gong Zhong Yang Dang Jiao@b国际战略研究所@4编 |
| 801 | 0 | @aCN@bTANGWEI@c20140603 |
| 905 | @b0837561-63@dD5-53@e194@f3 | |
| 新战略研究.2013(4)/宫力主编/中共中央党校国际战略研究所编.-北京:九州出版社,2013 |
| 112页;26cm |
| ISBN 978-7-5108-2295-7:CNY50.00 |
| 本书是关于国际战略研究的论文集,包括:“高端视点”、“国际战略”、“国际观察”、“世界经济研究”、“中共中央党校学员论坛”、“战略研究观察”等专栏。 |
| ● |
| 相关链接 |
|
|
|
|
正题名:新战略研究
索取号:D5-53/194
 
预约/预借
| 序号 | 登录号 | 条形码 | 馆藏地/架位号 | 状态 | 备注 |
| 1 | 0837561 | 208375612 | 第一样本阅览室/ [索取号:D5-53/194] | 在馆 | |
| 2 | 0837562 | 208375621 | 密集书库-史法系/ [索取号:D5-53/194] | 在馆 | |
| 3 | 0837563 | 208375630 | 第一借阅区/ [索取号:D5-53/194] | 在馆 |